[Event "IRL-ch 100th Weekend op"]
[Site "Dublin"]
[Date "2021.08.08"]
[Round "4"]
[White "Melaugh, Gavin"]
[Black "Melaugh, Shanemelaugh"]
[Result "0-1"]
[WhiteElo "2025"]
[BlackElo "2161"]
[PlyCount "106"]
[EventDate "2021.08.06"]
[EventType "swiss"]
[EventRounds "5"]
[EventCountry "IRL"]
[SourceTitle "EXT 2022"]
[Source "ChessBase"]
[SourceDate "2021.10.06"]
[SourceVersion "1"]
[SourceVersionDate "2021.10.06"]
[SourceQuality "1"]

1. d4 Nf6 2. Bg5 g6 3. Nc3 d5 4. f3 c5 5. dxc5 d4 6. Bxf6 exf6 7. Ne4 f5 8. Nd6+ Bxd6 9. cxd6 Qb6 10. e3 dxe3 11. Qd3 Qxb2 12. Qb5+ Qxb5 13. Bxb5+ Bd7 14. Rb1 Nc6 15. Ne2 0-0-0 16. 0-0 Ne5 17. Rfd1 Be6 18. f4 Nc4 19. d7+ Kc7 20. Nd4 Nb6 21. Nxe6+ fxe6 22. Rb3 a6 23. Rc3+ Kb8 24. Bxa6 Nd5 25. Rb3 Rxd7 26. Bb5 Rc7 27. c4 e2 28. Re1 Nxf4 29. g3 Nh3+ 30. Kg2 Ng5 31. Rxe2 Rd8 32. a4 Ne4 33. a5 Ka7 34. Ra3 Rd6 35. Rae3 h5 36. h3 Rc8 37. Rb2 Rcd8 38. Ra2 g5 39. Rae2 g4 40. h4 Rd2 41. Rxd2 Rxd2+ 42. Kg1 Kb8 43. Be8 Rd4 44. Bf7 Rxc4 45. Bxe6 Rc5 46. Bf7 Nf6 47. Re6 Ne4 48. Bxh5 Nxg3 49. Bg6 f4 50. Rf6 Rxa5 51. h5 Nxh5 52. Rf5 Rxf5 53. Bxf5 Nf6 0-1

[Event "IRL-ch 100th Weekend op"]
[Site "Dublin"]
[Date "2021.08.07"]
[Round "3"]
[White "Melaugh, Gavin"]
[Black "Ivanov, Andrey Dm"]
[Result "1-0"]
[WhiteElo "2025"]
[BlackElo "1025"]
[PlyCount "51"]
[EventDate "2021.08.06"]
[EventType "swiss"]
[EventRounds "5"]
[EventCountry "IRL"]
[SourceTitle "EXT 2022"]
[Source "ChessBase"]
[SourceDate "2021.10.06"]
[SourceVersion "1"]
[SourceVersionDate "2021.10.06"]
[SourceQuality "1"]

1. c4 Nf6 2. Nc3 e6 3. e4 d5 4. cxd5 exd5 5. e5 Nfd7 6. d4 Nb6 7. Be3 Bf5 8. g4 Bg6 9. f4 h5 10. f5 Bh7 11. h3 N8d7 12. Nf3 c5 13. Bb5 a6 14. Bxd7+ Qxd7 15. dxc5 Nc4 16. Bf2 Nxb2 17. Qe2 Na4 18. e6 fxe6 19. Nxa4 Qxa4 20. Qxe6+ Be7 21. 0-0 Bg8 22. Qe5 hxg4 23. Rfe1 Qd7 24. Qxg7 gxf3 25. Rxe7+ Qxe7 26. Re1 1-0

[Event "Glorney Cup"]
[Site "Dublin"]
[Date "2019.07.23"]
[Round "4"]
[White "Fowler, Hugo"]
[Black "Melaugh, Gavin"]
[Result "1-0"]
[WhiteElo "1794"]
[BlackElo "2153"]
[PlyCount "49"]
[EventDate "2019.07.22"]
[EventType "team-tourn"]
[EventRounds "5"]
[EventCountry "IRL"]
[SourceTitle "CBM 191 Extra"]
[Source "ChessBase"]
[SourceDate "2019.09.30"]
[SourceVersion "1"]
[SourceVersionDate "2019.09.30"]
[SourceQuality "1"]
[WhiteTeam "Wales"]
[BlackTeam "Ireland"]
[WhiteTeamCountry "WLS"]
[BlackTeamCountry "IRL"]

1. e4 d6 2. d4 Nf6 3. Nc3 Nbd7 4. Nf3 e5 5. Bc4 Be7 6. 0-0 c6 7. a4 Qc7 8. h3 h6 9. Bb3 Nf8 10. Be3 g5 11. Nh2 Ng6 12. Ng4 h5 13. Nxf6+ Bxf6 14. dxe5 dxe5 15. Qd2 g4 16. hxg4 hxg4 17. Rad1 Be6 18. Bxe6 fxe6 19. Qd6 Qf7 20. Rfe1 Rd8 21. Qb4 Nh4 22. Rxd8+ Bxd8 23. Rd1 Ng6 24. Nb5 Qf6 25. Nd6+ 1-0

[Event "Bunratty Masters 26th"]
[Site "Bunratty"]
[Date "2019.02.23"]
[Round "3"]
[White "Melaugh, Gavin"]
[Black "Walton, Alan J"]
[Result "1/2-1/2"]
[WhiteElo "2078"]
[BlackElo "2140"]
[PlyCount "100"]
[EventDate "2019.02.22"]
[EventType "swiss"]
[EventRounds "6"]
[EventCountry "IRL"]
[SourceTitle "EXT 2024"]
[Source "ChessBase"]
[SourceDate "2023.10.10"]
[SourceVersion "1"]
[SourceVersionDate "2023.10.10"]
[SourceQuality "1"]

1. d4 e6 2. c4 d5 3. Nc3 Nf6 4. Bf4 Be7 5. e3 0-0 6. cxd5 exd5 7. Nf3 c6 8. Bd3 Re8 9. Ne5 Nbd7 10. g4 Nxe5 11. dxe5 Nd7 12. Qf3 Bb4 13. Qh3 g6 14. Qg3 Qe7 15. h4 Nxe5 16. Be2 d4 17. Bxe5 dxc3 18. Bxc3 Bxc3+ 19. bxc3 Qc5 20. Rc1 Be6 21. h5 g5 22. 0-0 Bc4 23. Bxc4 Qxc4 24. Rfd1 Re4 25. Rd4 Rxd4 26. exd4 Re8 27. Qf3 Re6 28. Qf5 h6 29. Rc2 Re1+ 30. Kh2 Qf1 31. Qf3 Qg1+ 32. Kh3 Qf1+ 33. Kh2 Kg7 34. Rb2 Re6 35. Qh3 Qa1 36. Rd2 Re1 37. Qf3 Re6 38. Re2 Qd1 39. Re3 Qxf3 40. Rxf3 Re2 41. a3 Ra2 42. c4 Rc2 43. c5 Rd2 44. Rb3 Rxf2+ 45. Kg3 Rd2 46. Rxb7 Rd3+ 47. Kf2 Rxa3 48. Rd7 a5 49. Rd6 a4 50. Rxc6 Rd3 1/2-1/2

[Event "IRL-ch"]
[Site "Dublin"]
[Date "2018.08.04"]
[Round "1"]
[White "Wall, Gavin"]
[Black "Melaugh, Gavin"]
[Result "1-0"]
[WhiteElo "2341"]
[BlackElo "2029"]
[PlyCount "123"]
[EventDate "2018.08.04"]
[EventType "swiss"]
[EventRounds "9"]
[EventCountry "IRL"]
[SourceTitle "CBM 185 Extra"]
[Source "ChessBase"]
[SourceDate "2018.07.29"]
[SourceVersion "1"]
[SourceVersionDate "2018.07.29"]
[SourceQuality "1"]

1. e4 e6 2. d4 d5 3. e5 c5 4. c3 Nc6 5. Nf3 Bd7 6. dxc5 Bxc5 7. b4 Bb6 8. Bd3 Nge7 9. b5 Na5 10. 0-0 a6 11. bxa6 bxa6 12. Qe2 Ng6 13. Bxa6 Qc7 14. Na3 0-0 15. Bd2 Bc5 16. Nc2 Nc4 17. Bxc4 dxc4 18. Rfe1 Ra5 19. Be3 Nxe5 20. Nxe5 Qxe5 21. Qxc4 Bd6 22. f4 Qf5 23. Nd4 Qf6 24. Ne2 Rc8 25. Qd4 Qxd4 26. Bxd4 Rca8 27. Red1 Bb5 28. Bb6 Bc5+ 29. Bxc5 Bxe2 30. Bb4 R5a6 31. Rd4 Rc8 32. a4 h6 33. Kf2 Bc4 34. a5 Bd5 35. Rad1 Kh7 36. g4 Rc4 37. Rxc4 Bxc4 38. Rd7 Kg6 39. Ke3 Kf6 40. Kd4 Be2 41. h3 g5 42. fxg5+ hxg5 43. Ke3 Bf1 44. Rd1 Bc4 45. Kd4 Bd5 46. c4 Bg2 47. Rg1 Bc6 48. Rf1+ Kg6 49. Re1 Bg2 50. Re3 f5 51. gxf5+ exf5 52. Rg3 Be4 53. Bd2 Rd6+ 54. Kc3 g4 55. hxg4 Rd7 56. Bc1 Kf6 57. g5+ Ke5 58. g6 Kf6 59. Kb4 Rb7+ 60. Kc5 Rc7+ 61. Kd6 Rb7 62. g7 1-0

[Event "Dublin Irish Easter IM"]
[Site "Dublin"]
[Date "2018.03.29"]
[Round "3"]
[White "Melaugh, Gavin"]
[Black "O'Gorman, Tom"]
[Result "0-1"]
[WhiteElo "1956"]
[BlackElo "2145"]
[PlyCount "130"]
[EventDate "2018.03.28"]
[EventType "tourn"]
[EventRounds "9"]
[EventCountry "IRL"]
[SourceTitle "CBM 183 Extra"]
[Source "ChessBase"]
[SourceDate "2018.04.19"]
[SourceVersion "1"]
[SourceVersionDate "2018.04.19"]
[SourceQuality "1"]

1. e4 e6 2. d4 d5 3. exd5 exd5 4. Bd3 c5 5. Nf3 Nf6 6. 0-0 Nc6 7. Re1+ Be7 8. dxc5 0-0 9. c3 Bxc5 10. Bg5 Bg4 11. Nbd2 Qd6 12. Qc2 h6 13. Bh4 Rac8 14. Bg3 Qd8 15. Bf5 Bxf5 16. Qxf5 Ne7 17. Qd3 Nh5 18. Nb3 Bb6 19. Nbd4 Re8 20. Nf5 Nxf5 21. Qxf5 Nxg3 22. hxg3 Qd6 23. Qf4 Qxf4 24. gxf4 Re4 25. g3 Rce8 26. Kf1 Kf8 27. Rad1 Rxe1+ 28. Nxe1 Rd8 29. Nc2 Ke7 30. Nd4 Bxd4 31. Rxd4 Kd6 32. Ke2 Kc5 33. Kd2 Re8 34. Rd3 g6 35. b4+ Kc6 36. a4 h5 37. f3 f6 38. Rd4 Rh8 39. c4 dxc4 40. Rxc4+ Kd6 41. Rd4+ Ke6 42. Re4+ Kf7 43. Rc4 Rd8+ 44. Ke2 Rd7 45. Rc8 Ke6 46. Ke3 Re7 47. Kf2 b6 48. Rc6+ Kf5 49. g4+ hxg4 50. fxg4+ Kxf4 51. Rxf6+ Kg5 52. Rd6 Re4 53. Kf3 Rf4+ 54. Ke3 Rxb4 55. a5 bxa5 56. Rd5+ Kxg4 57. Rxa5 Rb7 58. Kf2 g5 59. Ra3 Kh4 60. Ra6 Rb2+ 61. Kg1 Rb7 62. Kg2 Rc7 63. Ra4+ g4 64. Ra6 Rc2+ 65. Kh1 Kh3 0-1